000 00582nam a22002297a 4500
001 0188
003 DO-SdBNP
005 20180207103634.0
007 0188
008 151005b 200 1996 sp 00| 0 spa d
020 _a8437222354
040 _aBPMSU
_bspa
_cBPMSU
100 1 _aTwain, Mark
245 1 0 _aTom Sawyer /
_cMark Twain.
260 _aMadrid :
_bSantillana,
_c1996.
300 _a95 p :
_bil. ;
_c20 cm.
490 1 _aHistorias de siempre Altea
830 0 _aHistorias de siempre Altea
942 _2ddc
_cBK
945 _aInventariado, 2018 /LP
956 _aYngrid Lockward
_b10
999 _c9312
_d9312